Využitie multimédií vo vzdelávaní : Diplomová práca

Na minha lista:
Detalhes bibliográficos
Autor principal: Parák, Martin (Author)
Outros Autores: Schreiber, Peter, 1960- (xxx)
Formato: Manuscrito Livro
Idioma:eslovaco
Publicado em: Trnava : STU v Bratislave MtF KAIA, 2000
Assuntos:
Tags: Adicionar Tag
Sem tags, seja o primeiro a adicionar uma tag!

MARC

LEADER 00000ntm a22000003a 4500
001 stu78223
005 20160719155004.4
008 021129s2000----xo------------------slo-d
040 |a STU  |b slo 
041 0 |a slo 
044 |a xo 
100 1 |a Parák, Martin  |4 aut 
245 1 |a Využitie multimédií vo vzdelávaní :  |b Diplomová práca 
260 |a Trnava :  |b STU v Bratislave MtF KAIA,  |c 2000 
300 |a 81 s  |c abstr. 
650 7 |a multimediálne aplikácie  |2 stusub 
650 7 |a vzdelávanie  |2 stusub 
650 7 |a Aplikovaná informatika  |2 stusub 
700 1 |a Schreiber, Peter,  |d 1960-  |4 xxx  |u M6000  |U MTF Materiálovotechnologická fakulta  |T MTF Ústav aplikovanej informatiky, automatizácie a matematiky  |X 247  |U M6000  |Y 86  |7 A000000247